000 01483nam a2200361 a 4500
001 ebr10256717
003 CaPaEBR
006 m u
007 cr cn|||||||||
008 071127s2008 nyu sb 001 0 eng
010 _z 2007047774
020 _z9781593322366 (alk. paper)
020 _z1593322364 (alk. paper)
040 _aCaPaEBR
_cCaPaEBR
035 _a(OCoLC)490988593
050 1 4 _aLC2683.3
_b.R49 2008eb
082 0 4 _a371.19/2086872073
100 1 _aReyes Cruz, Mariolga,
_d1970-
245 1 0 _aMexican immigrant parents advocating for school reform
_h[electronic resource] /
_cMariolga Reyes Cruz.
260 _aNew York :
_bLFB Scholarly Pub.,
_c2008.
300 _aix, 196 p.
490 1 _aThe new Americans
504 _aIncludes bibliographical references (p. 177-193) and index.
533 _aElectronic reproduction.
_bPalo Alto, Calif. :
_cebrary,
_d2013.
_nAvailable via World Wide Web.
_nAccess may be limited to ebrary affiliated libraries.
650 0 _aMexican American students
_xEducation.
650 0 _aEducation
_xParent participation
_zUnited States.
650 0 _aChildren of immigrants
_xEducation
_zUnited States.
650 0 _aEducational change
_zUnited States.
655 7 _aElectronic books.
_2local
710 2 _aebrary, Inc.
830 0 _aNew Americans (LFB Scholarly Publishing LLC)
856 4 0 _uhttp://site.ebrary.com/lib/rucke/Doc?id=10256717
_zAn electronic book accessible through the World Wide Web; click to view
999 _c13351
_d13351